| 000 -LEADER |
| fixed length control field |
00945nam a22002777a 4500 |
| 001 - CONTROL NUMBER |
| control field |
22104 |
| 003 - CONTROL NUMBER IDENTIFIER |
| control field |
BD-DhUAP |
| 005 - DATE AND TIME OF LATEST TRANSACTION |
| control field |
20240309134411.0 |
| 008 - FIXED-LENGTH DATA ELEMENTS--GENERAL INFORMATION |
| fixed length control field |
240309b19812011ny a|||| |||| 000 0ceng d |
| 010 ## - LIBRARY OF CONGRESS CONTROL NUMBER |
| LC control number |
80042040 |
| 020 ## - INTERNATIONAL STANDARD BOOK NUMBER |
| International Standard Book Number |
052170658 |
| 020 ## - INTERNATIONAL STANDARD BOOK NUMBER |
| International Standard Book Number |
9780521706780 |
| 040 ## - CATALOGING SOURCE |
| Original cataloging agency |
DLC |
| Transcribing agency |
BD-DhUAP |
| Modifying agency |
BD-DhUAP |
| Language of cataloging |
eng |
| 082 00 - DEWEY DECIMAL CLASSIFICATION NUMBER |
| Classification number |
428.64 GRE |
| Edition number |
19 |
| 100 1# - MAIN ENTRY--PERSONAL NAME |
| Personal name |
Grellet, Françoise. |
| 245 10 - TITLE STATEMENT |
| Title |
Developing reading skills : |
| Remainder of title |
a practical guide to reading comprehension exercises / |
| Statement of responsibility, etc. |
Françoise Grellet. |
| 260 ## - PUBLICATION, DISTRIBUTION, ETC. |
| Place of publication, distribution, etc. |
Cambridge [Cambridgeshire] ; |
| -- |
New York : |
| Name of publisher, distributor, etc. |
Cambridge University Press, |
| Date of publication, distribution, etc. |
1983, c2011. |
| 300 ## - PHYSICAL DESCRIPTION |
| Extent |
252 p. ; |
| Dimensions |
22 cm. |
| 440 #0 - SERIES STATEMENT/ADDED ENTRY--TITLE |
| Title |
New directions in language teaching |
| 500 ## - GENERAL NOTE |
| General note |
Cataloging based on CIP information. |
| 500 ## - GENERAL NOTE |
| General note |
Originally published in 1981. |
| 504 ## - BIBLIOGRAPHY, ETC. NOTE |
| Bibliography, etc. note |
Bibliography: p. |
| 650 #0 - SUBJECT ADDED ENTRY--TOPICAL TERM |
| Topical term or geographic name entry element |
English language |
| General subdivision |
Study and teaching |
| -- |
Foreign speakers. |
| 650 #0 - SUBJECT ADDED ENTRY--TOPICAL TERM |
| Topical term or geographic name entry element |
Reading comprehension. |
| 942 ## - ADDED ENTRY ELEMENTS (KOHA) |
| Source of classification or shelving scheme |
|
| Koha item type |
Book |